000 02026nam0a2200349 i 4500
001 RU\NLR\BIBL_A\010002764
005 20260405220457.0
010 _a9785789007983
_9100
021 _aRU
_b2013-78401
_95405
035 _a(NILC)RuMoRGB-006672010
035 _a(NLR Aleph) 010002764
090 _a9805616
_c9805616
100 _a20131111d2013 u y0rusy50 ca
101 0 _arus
102 _aRU
105 _aa||||||||||||
200 1 _aСистема обеспечения качества в сварочном производстве
_eучебное пособие
_fА. С. Коробцов, В. Н. Фомин
_gпод ред. д.т.н., проф. А. С. Коробцова
_gМ-во образования и науки Рос. Федерации, Федер. гос. бюджет. образоват. учреждение высш. проф. образования "Донской гос. техн. ун-т"
210 _aРостов-на-Дону
_cИздательский центр ДГТУ
_d2013
215 _a291 с.
_cил.
_d20
320 _aБиблиогр.: с. 291 (14 назв.)
606 1 _aСварные соединения и швы
_jУчебные издания для высших учебных заведений
_xКачество
_91576608
_3RU\NLR\AUTH\66990743
606 1 _aСварные соединения и швы
_jУчебные издания для высших учебных заведений
_xТехнический контроль
_92337358
_3RU\NLR\AUTH\661397347
675 _a621.791:658.562(075.8)
686 1 _aК641-18я73-1
686 1 _aК641-7я73-1
700 1 _aКоробцов
_bА. С.
_gАлександр Сергеевич
701 1 _7ca
_8rus
_aФомин
_bВ. Н.
_cканд. техн. наук, сварочное производство
_f1940-
_gВладимир Николаевич
_981799
_3RU\NLR\AUTH\7798873
801 0 _aRU
_bRuMoRKP
_c20130930
_gRCR
801 2 _aRU
_bРГБ
_c20131011
_grcr
942 _cBOOK
980 _aNBR